000 00398nam a22001571a 4500
020 _a9788171804313
082 _aM3
_bJOY/N
100 _aJoy Vazhayil
_9144436
245 _aNyayadhipan/
_cby Joy Vazhayil
260 _aKozhikode:
_bPoorna,
_c1995.
300 _a131p.
650 _aNovel Malayalam
_9144437
650 _aLiterature Malayalam
_9144438
650 _aLiterature
_9144439
942 _cBK
999 _c31947
_d31947